Medical imaging and radiation protection for medical students and clinical staff / (Record no. 154643)

MARC details
000 -LEADER
fixed length control field 01221cam a2200325 i 4500
001 - CONTROL NUMBER
control field vtls003252470
003 - CONTROL NUMBER IDENTIFIER
control field MY-SjTCS
005 - DATE AND TIME OF LATEST TRANSACTION
control field 20200226115831.0
008 - FIXED-LENGTH DATA ELEMENTS--GENERAL INFORMATION
fixed length control field 130605t20032003enka b 001 0 eng d
020 ## - INTERNATIONAL STANDARD BOOK NUMBER
International Standard Book Number 0905749545 (paperback)
020 ## - INTERNATIONAL STANDARD BOOK NUMBER
International Standard Book Number 9780905749549 (paperback)
039 #9 - LEVEL OF BIBLIOGRAPHIC CONTROL AND CODING DETAIL [OBSOLETE]
Level of rules in bibliographic description 201809071408
Level of effort used to assign nonsubject heading access points VLOAD
Level of effort used to assign subject headings 201409221127
Level of effort used to assign classification patrick
Level of effort used to assign subject headings 201409191502
Level of effort used to assign classification shuhada
Level of effort used to assign subject headings 201409191455
Level of effort used to assign classification shuhada
-- 201306051022
-- malathy
040 ## - CATALOGING SOURCE
Description conventions rda
082 04 - DEWEY DECIMAL CLASSIFICATION NUMBER
Classification number 616.07572
Item number MED 2003
245 00 - TITLE STATEMENT
Title Medical imaging and radiation protection for medical students and clinical staff /
Statement of responsibility, etc. edited by Colin J. Martin, Philip P. Dendy, Robert H. Corbett.
264 #1 - PRODUCTION, PUBLICATION, DISTRIBUTION, MANUFACTURE, AND COPYRIGHT NOTICE
Place of production, publication, distribution, manufacture London :
Name of producer, publisher, distributor, manufacturer British Institute of Radiology,
Date of production, publication, distribution, manufacture, or copyright notice [2003]
264 #4 - PRODUCTION, PUBLICATION, DISTRIBUTION, MANUFACTURE, AND COPYRIGHT NOTICE
Date of production, publication, distribution, manufacture, or copyright notice ©2003
300 ## - PHYSICAL DESCRIPTION
Extent ix, 181 pages :
Other physical details illustrations ;
Dimensions 25 cm
336 ## - CONTENT TYPE
Content type term text
Source rdacontent
337 ## - MEDIA TYPE
Media type term unmediated
Source rdamedia
338 ## - CARRIER TYPE
Carrier type term volume
Source rdacarrier
504 ## - BIBLIOGRAPHY, ETC. NOTE
Bibliography, etc. note Includes bibliographical references and index.
650 #0 - SUBJECT ADDED ENTRY--TOPICAL TERM
Topical term or geographic name entry element Diagnostic imaging.
9 (RLIN) 21023
650 #0 - SUBJECT ADDED ENTRY--TOPICAL TERM
Topical term or geographic name entry element Radiography, Medical.
9 (RLIN) 54472
650 #0 - SUBJECT ADDED ENTRY--TOPICAL TERM
Topical term or geographic name entry element Radiation
General subdivision Safety measures.
9 (RLIN) 24803
700 1# - ADDED ENTRY--PERSONAL NAME
Personal name Martin, Colin J.
9 (RLIN) 69147
700 1# - ADDED ENTRY--PERSONAL NAME
Personal name Dendy, P. P.
9 (RLIN) 69146
700 1# - ADDED ENTRY--PERSONAL NAME
Personal name Corbett, Robert H.
9 (RLIN) 69148
920 ## - Programme
Programme SMN : 199379, 213069
Holdings
Withdrawn status Lost status Source of classification or shelving scheme Damaged status Not for loan Home library Current library Date acquired Cost, normal purchase price Total Checkouts Barcode Date last seen Date last checked out Copy number Cost, replacement price Koha item type Public note
    Dewey Decimal Classification     Clinical School Clinical School 18/09/2014     5000161356 05/12/2019   1   SOM TEXT SOMxx,33001,03,RM
    Dewey Decimal Classification     Clinical School Taylor's Library-TU 04/07/2013 277.15   5000149216 05/12/2019 09/08/2014 1 277.15 SOM Reserve SOMxx,33001,03,RM